000 00300nam a2200121Ia 4500
008 190722s9999 xx 000 0 und d
020 _a978-81-224-3627-3
100 _aB. Kumar
245 0 _aSignals & Systems
260 _aNew Delhi
_bNew Age International Pvt Ltd.
_c2014
300 _a703
942 _cBK
999 _c194
_d194